| 000 -LEADER |
| fixed length control field |
00414cam a22001097a 4500 |
| 008 - FIXED-LENGTH DATA ELEMENTS--GENERAL INFORMATION |
| fixed length control field |
180718b-- xxu||||| |||| 00| 0 eng d |
| 082 ## - DEWEY DECIMAL CLASSIFICATION NUMBER |
| Classification number |
Dx54 In2f |
| 245 ## - TITLE STATEMENT |
| Title |
Foreign policy of India: text of documents |
| Statement of responsibility, etc. |
by Lok Sabha Secretariat |
| 260 ## - PUBLICATION, DISTRIBUTION, ETC. |
| Place of publication, distribution, etc. |
New Delhi |
| Name of publisher, distributor, etc. |
Lok Sabha Secretariat |
| Date of publication, distribution, etc. |
-- |
| 500 ## - GENERAL NOTE |
| General note |
Library has 1947-58. 1958. 326+p; 1947-59. 410+p; 1947-64. 1966. 634+p; 1987.58+p |
| 700 ## - ADDED ENTRY--PERSONAL NAME |
| Personal name |
India. Lok Sabha Secretariat |